01785cam a2200337 a 4500999001500000001000800015003000600023005001700029008004100046010001700087020001500104040001800119042000900137050002400146082002000170100003000190245004700220260003600267300002000303505042400323650005400747650004700801650002500848650002600873906004500899942001500944952012500959952011301084952012501197952012501322 c5446d54464000278GBCCL20241126110542.0960919s1996 mnu j 000 0 eng  a 96045770  a0896935175 aDLCcDLCdDLC alcac00aBV4531.2b.M94 199600a248.83221bMYE1 aMyers, Bill,d1953-9279810aHot topics, tough questions /cBill Myers. aCanada :bVictor books,cc1987. a158p. ;c18 cm.0 aHow do I find God's will? -- What is God really like? -- Why do good people suffer? -- Sex: if you love someone, why not? -- Is there a heaven? -- How can I make God more real in my life? -- Is hell for real? -- The media: are we really what we eat? -- Death and suicide -- How can I raise happy parents? -- What about all this occult stuff? -- How come we're so right? -- What's all this new age stuff? -- Wrapping up. 0aYouthxReligious lifexJuvenile literature.95856 0aChristian lifexJuvenile literature.99794 1aChristian life.9183 1aConduct of life.9524 a7bcbccorignewd1eocipf19gy-gencatlg 2ddccBK04 00102ddc4070aGBCbGBCcMNMSd2018-03-20l1o248.83 MYEp007728r2025-05-01 00:00:00s2018-10-18tc.1w2018-03-20yBK 00102ddc4070aGBCbGBCcMNMSd2018-04-05l0o248.83 MYEp007733r2025-05-01 00:00:00tc.2w2018-04-05yBK 00102ddc4070aGBCbGBCcMNMSd2018-04-17l2o248.83 MYEp007735r2025-05-01 00:00:00s2022-08-09tc.3w2018-04-17yBK 00102ddc4070aGBCbGBCcMNMSd2018-05-02l1o248.83 MYEp007737r2025-05-01 00:00:00s2020-11-17tc.4w2018-05-02yBK